00527nam a22001817a 450000500170000001000150001702000270003203500140005903700090007308200120008210000210009424500440011525000070015926000570016627000890022330000270031250000060033920241128110454.0 aENG-142698 c1070.00a9789361598289 aEN-126230 bDBAD a530213 aHewitt, Paul G.  aConceptual Physics /cBy Paul G. Hewitt a13 aUttar PradeshbPearson India Education Pvt Ltdc2025 bUttar Pradesha1st FLoor, Berger Tower, Plot No. C-001A/2, Sector-16B, Noidae201301 a889p.c25cm(pb)bIndex a